[Event "Miercurea Ciuc op"]
[Site "Miercurea Ciuc"]
[Date "1998.??.??"]
[Round "6"]
[White "Kis, Lorand Bela"]
[Black "Hamdouchi, Adina Maria"]
[Result "0-1"]
[WhiteElo "2190"]
[BlackElo "2130"]
[PlyCount "154"]
[EventDate "1998.08.??"]
[EventType "swiss"]
[EventRounds "9"]
[EventCountry "ROU"]
[SourceTitle "EXT 2000"]
[Source "ChessBase"]
[SourceDate "1999.11.16"]
[SourceVersion "1"]
[SourceVersionDate "1999.11.16"]
[SourceQuality "1"]

1. d4 Nf6 2. c4 c5 3. d5 g6 4. Nc3 Bg7 5. e4 d6 6. h3 0-0 7. Bd3 e6 8. Bg5 exd5 9. cxd5 a6 10. a4 Qa5 11. Bd2 Qc7 12. Nf3 Nbd7 13. 0-0 Re8 14. Re1 Rb8 15. Bf4 h6 16. Qd2 g5 17. Be3 Nh7 18. Rac1 Ndf8 19. b4 c4 20. Bb1 Ng6 21. Nd4 Nf6 22. a5 Bd7 23. Nf5 Bxf5 24. exf5 Ne7 25. g4 Kh7 26. Bc2 Neg8 27. Bb6 Qc8 28. Rxe8 Qxe8 29. Bc7 Rc8 30. Bxd6 Qd7 31. Bc5 Ne7 32. Ba4 Qd8 33. d6 Nc6 34. Bb6 Qd7 35. Re1 Bf8 36. Bc5 Rd8 37. Nd5 Nxd5 38. Qxd5 Kg8 39. Rd1 Nxb4 40. Bxd7 Nxd5 41. Rxd5 Rxd7 42. Kf1 Bg7 43. Bb4 Bf6 44. Ke2 Bd8 45. Re5 Bf6 46. Re4 c3 47. Kd3 Kf8 48. Rc4 Be5 49. Rc7 Ke8 50. Ke4 Bxd6 51. Rc8+ Ke7 52. Bxc3 Rc7 53. Rxc7+ Bxc7 54. Kd5 Kd7 55. f3 Ke7 56. Kc5 Bd8 57. Bd2 Bc7 58. Be1 Kd7 59. Bd2 Ke7 60. Kd5 Kd7 61. Be1 Ke7 62. h4 Kd7 63. h5 Ke8 64. Bb4 b6 65. Kc6 bxa5 66. Bc3 Bd8 67. Kb7 a4 68. Kxa6 a3 69. Kb5 f6 70. Ka4 Be7 71. Kb3 Kd7 72. Bd2 Kc6 73. f4 gxf4 74. Bxf4 Bf8 75. Bc1 Kd5 76. Bxa3 Bxa3 77. Kxa3 Ke5 0-1

[Event "De Toamna Cup"]
[Site "Romania"]
[Date "1998.??.??"]
[Round "?"]
[White "Kis, Lorand Bela"]
[Black "Manolache, Marius"]
[Result "1-0"]
[WhiteElo "2190"]
[BlackElo "2385"]
[PlyCount "103"]
[EventDate "1998.??.??"]
[EventType "swiss"]
[EventRounds "9"]
[EventCountry "ROU"]
[SourceTitle "EXT 2004"]
[Source "ChessBase"]
[SourceDate "2003.11.25"]
[SourceVersion "1"]
[SourceVersionDate "2003.11.25"]
[SourceQuality "1"]

1. d4 Nf6 2. c4 c5 3. d5 g6 4. Nc3 Bg7 5. e4 0-0 6. Bd3 d6 7. h3 e6 8. Bg5 Re8 9. Nf3 exd5 10. cxd5 c4 11. Bc2 b5 12. a3 a5 13. 0-0 h6 14. Bf4 g5 15. Bh2 g4 16. hxg4 Nxg4 17. Bf4 Qf6 18. Qd2 Ba6 19. e5 dxe5 20. Bg3 Nd7 21. Ne4 Qb6 22. Nh4 b4 23. Rfe1 Rac8 24. Nf5 Bf8 25. Bh4 c3 26. bxc3 bxc3 27. Qd1 Qg6 28. Qf3 Kh8 29. Ba4 Rc7 30. d6 Ra7 31. Bxd7 Rxd7 32. Nc5 Bc8 33. Rad1 c2 34. Rd2 e4 35. Qc3+ Kh7 36. Nxd7 Bxd7 37. Ne7 Qh5 38. Bg3 Bxe7 39. dxe7 Rxe7 40. Qxc2 Qg5 41. Red1 Bf5 42. Rd5 Kg6 43. Qc3 e3 44. f4 Qf6 45. Rxf5 Qxf5 46. Qd4 Qc2 47. Qd6+ Kg7 48. Qd3 Qc6 49. Qf5 h5 50. Qxh5 Qe6 51. f5 Qe4 52. f6+ 1-0

[Event "Miercurea Ciuc op"]
[Site "Miercurea Ciuc"]
[Date "1998.??.??"]
[Round "8"]
[White "Kis, Lorand Bela"]
[Black "Raceanu, Valentin"]
[Result "0-1"]
[WhiteElo "2190"]
[BlackElo "2215"]
[PlyCount "86"]
[EventDate "1998.08.??"]
[EventType "swiss"]
[EventRounds "9"]
[EventCountry "ROU"]
[SourceTitle "EXT 2000"]
[Source "ChessBase"]
[SourceDate "1999.11.16"]
[SourceVersion "1"]
[SourceVersionDate "1999.11.16"]
[SourceQuality "1"]

1. d4 d5 2. c4 e6 3. Nc3 c6 4. e4 dxe4 5. Nxe4 Bb4+ 6. Bd2 Qxd4 7. Bxb4 Qxe4+ 8. Be2 Na6 9. Bc3 Ne7 10. Nf3 0-0 11. Qd2 f6 12. h4 e5 13. h5 Bg4 14. b4 Rad8 15. Qe3 Qxe3 16. fxe3 Nf5 17. Kf2 Nd6 18. Be1 Nc7 19. Rh4 Be6 20. Rc1 Rd7 21. a4 Nf7 22. Nd2 Bf5 23. e4 Be6 24. Nb3 b6 25. Kg1 Ng5 26. a5 h6 27. Bf2 Rb8 28. axb6 axb6 29. Ra1 Ne8 30. Ra6 Rdb7 31. Be3 Nc7 32. Ra1 Ra8 33. Rb1 Ra2 34. Bd3 Na8 35. Nc1 Ra3 36. Kf1 Rd7 37. Ke2 Nf7 38. Rh1 Bg4+ 39. Kd2 f5 40. Kc2 fxe4 41. Kb2 Rda7 42. Rh4 Bf5 43. Bxe4 Bxe4 0-1

[Event "Herculane op"]
[Site "Herculane"]
[Date "1998.??.??"]
[Round "?"]
[White "Pachia, Mihai"]
[Black "Kis, Lorand Bela"]
[Result "0-1"]
[WhiteElo "1775"]
[BlackElo "2185"]
[PlyCount "72"]
[EventDate "1998.12.??"]
[EventType "swiss"]
[EventRounds "9"]
[EventCountry "ROU"]
[SourceTitle "EXT 2004"]
[Source "ChessBase"]
[SourceDate "2003.11.25"]
[SourceVersion "1"]
[SourceVersionDate "2003.11.25"]
[SourceQuality "1"]

1. e4 e5 2. Nf3 Nc6 3. Bb5 a6 4. Ba4 Nf6 5. Qe2 Be7 6. d3 b5 7. Bb3 0-0 8. c3 Bb7 9. 0-0 d5 10. Rd1 h6 11. Nbd2 Re8 12. Nf1 Bf8 13. Ng3 Na5 14. Bc2 c5 15. Nf5 Qc8 16. N3h4 c4 17. exd5 Bxd5 18. dxc4 Qxc4 19. Bd3 Qc6 20. Qe3 e4 21. Bc2 Qc7 22. Qd4 Qe5 23. Qxe5 Rxe5 24. Bf4 Ree8 25. Ne3 Bb7 26. Nhf5 g5 27. Bg3 Nh5 28. Bc7 Nc4 29. Nxc4 bxc4 30. Rd4 Rac8 31. Rxc4 Bd5 32. Rd4 Rxc7 33. Rxd5 Nf4 34. Rd2 Re5 35. Ne3 Bc5 36. Rad1 Rb7 0-1

[Event "Miercurea Ciuc op"]
[Site "Miercurea Ciuc"]
[Date "1998.??.??"]
[Round "5"]
[White "Staflin, Soren"]
[Black "Kis, Lorand Bela"]
[Result "1/2-1/2"]
[WhiteElo "2020"]
[BlackElo "2190"]
[PlyCount "153"]
[EventDate "1998.08.??"]
[EventType "swiss"]
[EventRounds "9"]
[EventCountry "ROU"]
[SourceTitle "EXT 2000"]
[Source "ChessBase"]
[SourceDate "1999.11.16"]
[SourceVersion "1"]
[SourceVersionDate "1999.11.16"]
[SourceQuality "1"]

1. d4 Nf6 2. Nf3 g6 3. Bg5 Bg7 4. Nbd2 d6 5. c3 0-0 6. e4 h6 7. Bh4 c6 8. Bc4 Nxe4 9. Bxf7+ Rxf7 10. Nxe4 Bf5 11. Qe2 Nd7 12. Nxd6 exd6 13. Bxd8 Rxd8 14. 0-0 g5 15. Nd2 Nf6 16. Rae1 Nd5 17. Qc4 Bf8 18. Qb3 Nf6 19. c4 Bg7 20. h3 h5 21. Qe3 Bh6 22. h4 Re8 23. Qxe8+ Nxe8 24. Rxe8+ Kg7 25. hxg5 Bxg5 26. Nf3 Bf6 27. Rfe1 Bg4 28. Rd1 Rc7 29. Rd3 Kf7 30. Re1 Rc8 31. Kh2 Rg8 32. b3 Bf5 33. Rdd1 Rg4 34. Re3 Be4 35. Ne1 Bg5 36. Re2 Bf4+ 37. Kg1 Bf5 38. f3 Rg8 39. Kf1 h4 40. Kg1 Bg3 41. Nd3 h3 42. Kh1 Rh8 43. Kg1 a5 44. Nf2 hxg2 45. Kxg2 Rg8 46. Ng4 Bf4 47. Rde1 Bg5 48. c5 dxc5 49. Re5 Bxg4 50. fxg4 Bf6 51. Rxc5 Rxg4+ 52. Kh3 Rh4+ 53. Kg3 Rxd4 54. Rh1 Rd5 55. Rxd5 cxd5 56. Rh7+ Bg7 57. Kf4 Kg6 58. Rh3 Kf6 59. Rh5 Ke6 60. Ke3 b6 61. Kd3 Kd6 62. Rg5 Bb2 63. Rg2 Ba3 64. Rg4 Kc5 65. Rf4 Bb2 66. Rf2 Ba3 67. Rf4 Kb5 68. Rg4 Bc5 69. a4+ Kc6 70. Rg6+ Kb7 71. Rg7+ Kc6 72. Rg6+ Kd7 73. Rg7+ Ke6 74. Rg8 Kf5 75. Rc8 Kf4 76. Re8 Kf3 77. Re6 1/2-1/2